Guía médica de urgencias / (Record no. 113726)

MARC details
000 -LEADER
campo de control de longitud fija 00496nam a2200157 4500
001 - NÚMERO DE CONTROL
campo de control 113726
003 - IDENTIFICADOR DE NÚMERO DE CONTROL
campo de control ES-MaACL
007 - CAMPO FIJO DE DESCRIPCIÓN FÍSICA--INFORMACIÓN GENERAL
campo de control de longitud fija t|
008 - DATOS DE LONGITUD FIJA--INFORMACIÓN GENERAL
campo de control de longitud fija 061121s1948 sp r ||||1| spa d
100 1# - ENTRADA PRINCIPAL--NOMBRE DE PERSONA
Nombre de persona Pacheco, José.
9 (RLIN) 88122
245 10 - MENCIÓN DEL TÍTULO
Título Guía médica de urgencias /
Mención de responsabilidad, etc. Dr. José Pacheco : prólogo del Dr. Antonio Morales.
260 ## - PUBLICACIÓN, DISTRIBUCIÓN, ETC.
Lugar de publicación, distribución, etc. Barcelona :
Nombre del editor, distribuidor, etc. Instituto Transoceánico Ediciones,
Fecha de publicación, distribución, etc. 1948.
300 ## - DESCRIPCIÓN FÍSICA
Extensión 269 p. ;
Dimensiones 17 cm.
700 1# - ENTRADA AGREGADA--NOMBRE PERSONAL
Nombre de persona Morales, Antonio.
9 (RLIN) 82974
852 ## - LOCALIZACIÓN
Ubicación ES-MaACL
Número de control de estantería E-716
Sublocalización o colección R.26304
Holdings
Estatus retirado Estado de pérdida Estado de daño No para préstamo Biblioteca de origen Biblioteca actual Ubicación en estantería Fecha de adquisición Fuente de adquisición Total de préstamos Signatura topográfica completa Código de barras Visto por última vez Precio de reemplazo Tipo de ítem Koha
        Biblioteca del Ateneo de Madrid Biblioteca del Ateneo de Madrid Depósito 2 17/01/2008     E-716 1118608 23/02/2023 23/02/2023 Libro impreso